01201nam a22001937a 4500003000400000005001700004008004100021022002300062040001200085082001300097245009000110260004700200520046800247600005200715610006700767630006000834710004500894856006800939OSt20240913121852.0230830b ||||| |||| 00| 0 hin d 202179520a17932858 bEnglish a306.0959 aSOJOURN: Journal of Social Issues in Southeast Asiacby ISEAS - Yusof Ishak Institute aSingapore;bISEAS - Yusof Ishak Institute, aSOJOURN is an interdisciplinary journal devoted to the study of social and cultural issues in Southeast Asia. It publishes empirical and theoretical research articles to promote and disseminate scholarship in and on the region. Areas of special concern include ethnicity, religion, tourism, urbanization, migration, popular culture, social and cultural change, and development. Fields most often represented in the journal are anthropology, sociology and history. vPeriodicals:xSoutheast AsiaySocial conditions xInternational RelationsyPolitics and governmentzPeriodicals: vPolitical SciencexSouth-east AsiayEconomic conditions bISEAS - Yusof Ishak InstituteePublisher uhttps://www.iseas.edu.sg/flagship-publications/sojourn/sojourn/